| 000 | 00000nam 2200000zi 4500 |
| 001 | 9.865655 |
| 003 | CaOODSP |
| 005 | 20221107161841 |
| 006 | m o d f |
| 007 | cr cn||||||||| |
| 008 | 181205t20192019quc o f000 0 fre d |
| 020 | |a9780660288604|qimprimable |
| 020 | |a9780660288611|qinteractif |
| 040 | |aCaOODSP|bfre|erde|cCaOODSP |
| 043 | |an-cn--- |
| 086 | 1 |aSG5-101/2018F-1-PDF|zSG5-101/2019F-1-PDF |
| 086 | 1 |aSG5-101/2018F-2-PDF|zSG5-101/2019F-2-PDF |
| 245 | 00|aBoite à outils du programme de prestations d'invalidité du Régime de pensions du Canada : |bvotre guide complet. |
| 264 | 1|a[Gatineau, Québec] : |bService Canada, |c2019. |
| 264 | 4|c©2019 |
| 300 | |a1 ressource en ligne (2 volumes) |
| 336 | |atexte|btxt|2rdacontent/fre |
| 337 | |ainformatique|bc|2rdamedia/fre |
| 338 | |aressource en ligne|bcr|2rdacarrier/fre |
| 500 | |aPublié aussi en anglais sous le titre : Canada Pension Plan disability benefit toolkit: your complete guide. |
| 500 | |aTitre de la couverture. |
| 500 | |a« Hiver 2019. » |
| 500 | |aPublié aussi en format HTML. |
| 500 | |aComprend la version imprimable et la version interactif. |
| 692 | 07|2gccst|aPension d'invalidité |
| 710 | 1 |aCanada. |bService Canada. |
| 775 | 08|tCanada Pension Plan disability benefit toolkit : |w(CaOODSP)9.865653 |
| 794 | |tBoite à outils de la Prestation d'invalidité du Régime de pensions du Canada : |bAutomne 2021|w(CaOODSP)9.902032 |
| 856 | 40|qPDF|s561 Ko|uhttps://publications.gc.ca/collections/collection_2019/servcan/SG5-101-2018-fra-1.pdf|z(imprimable) |
| 856 | 40|qPDF|s2.03 Mo|uhttps://publications.gc.ca/collections/collection_2019/servcan/SG5-101-2018-fra-2.pdf|z(interactif) |
| 856 | 4 |qHTML|sS.O.|uhttps://www.canada.ca/fr/emploi-developpement-social/programmes/regime-pensions-prestations-invalidite/rapports/boite-outils.html|z(html) |
| 986 | |aSC-335-01-19F |